| 000 | 00570nam a2200193 a 4500 | ||
|---|---|---|---|
| 005 | 20231021063625.0 | ||
| 008 | 040923s2002 mx r 000 0 spa d | ||
| 020 | _a9681861655 | ||
| 035 | _aUPN01000134817 | ||
| 049 | _aF | ||
| 050 | 4 |
_aLB1049 _bQ4.3 |
|
| 100 | 1 |
_aQuesada Castillo, Rocío _929585 |
|
| 245 | 1 | 0 |
_aEjercicios para fomentar la autorregulación : _bguía del estudiante / _cRocío Quesada Castillo. |
| 260 |
_aMéxico : _bLimusa, _c2002. |
||
| 300 | _a25 p. | ||
| 440 | 0 | _aGuía del estudiante | |
| 650 | 4 |
_aMétodos de estudio _94280 |
|
| 905 | _aLibro | ||
| 999 |
_c106968 _d106968 |
||